Groundwater ecology
Αποθηκεύτηκε σε:
| Άλλοι συγγραφείς: | , , |
|---|---|
| Μορφή: | Βιβλίο |
| Γλώσσα: | English |
| Δημοσίευση: |
San Diego :
Academic Press,
c1994
|
| Σειρά: | Aquatic ecology series
|
| Θέματα: | |
| Ετικέτες: |
Προσθήκη ετικέτας
Δεν υπάρχουν, Καταχωρήστε ετικέτα πρώτοι!
|
MARC
| LEADER | 00000nam a2200000 i 4500 | ||
|---|---|---|---|
| 001 | 1/16737 | ||
| 008 | 980818s1994 eng d | ||
| 020 | |a 0-12-282110-6 | ||
| 035 | |l 10020306 | ||
| 040 | |a GR-MY-UA |b gre |e aacr | ||
| 041 | 0 | |a eng | |
| 082 | 0 | |a 574.52632 | |
| 245 | 1 | 0 | |a Groundwater ecology / |c Edited by Janine Gibert, Dan L. Danielpol, Jack Stanford |
| 260 | |a San Diego : |b Academic Press, |c c1994 | ||
| 300 | |a 571 p. |b fig.; tabl. | ||
| 490 | 1 | |a Aquatic ecology series | |
| 504 | |a Includes bibliographical references and index | ||
| 650 | 0 | 0 | |a Groundwater ecology. |
| 650 | 0 | 0 | |a Groundwater. |
| 650 | 0 | 0 | |a Aquifers. |
| 700 | 0 | |a Gibert, Janine. |4 edt | |
| 700 | 1 | |a Danielopol, Dan. |4 edt | |
| 700 | 1 | |a Stanford, Jack Arthur |d 1947- |4 edt | |
| 830 | 0 | |a Aquatic ecology series | |
| 852 | |a INST |b LESVOS |e 19980818 |h 574.52632 GRO |p 005100013454 |q 005100013454 |t BK |y 0 | ||
| 901 | |a BIBL-1998-2 | ||
| 909 | |a Λ |b 058881 | ||
| 922 | |a 1ΕΛΗ |b 199807 |c ΚΠΣ/ΤΠ |d ΠΑΠΑΣΩΤΗΡΙΟΥ | ||
| 950 | |a 107-1998-05-26 | ||